000 00690nam a2200229Ia 4500
001 7635
003 GE_BSU
008 181216s||||||||xx |||||||||||||| ||und||
040 _cGE_BSU
080 _a821.353.1-31
100 _aდონჟაშვილი, თინა
245 _aგანთიადი.
245 _bრომანი
245 _cრედ:გ.ნატროშვილი; მხატვ: შ.ბერიტაშვილი
260 _aთბილისი.
260 _bსახელგამი
260 _c1950
300 _a274 გვ; 20 სმ.
653 _aგანთიადი.
653 _aრომანი
942 _cBK
999 _c40987
_d40987